<?xml version="1.0" encoding="UTF-8"?>
<record
    xmlns:xsi="http://www.w3.org/2001/XMLSchema-instance"
    xsi:schemaLocation="http://www.loc.gov/MARC21/slim http://www.loc.gov/standards/marcxml/schema/MARC21slim.xsd"
    xmlns="http://www.loc.gov/MARC21/slim">

  <leader>02109nam a2200193   4500</leader>
  <controlfield tag="005">20260209155612.0</controlfield>
  <controlfield tag="008">260203b        |||||||| |||| 00| 0 eng d</controlfield>
  <datafield tag="020" ind1=" " ind2=" ">
    <subfield code="a">9780764368431</subfield>
  </datafield>
  <datafield tag="041" ind1=" " ind2=" ">
    <subfield code="a">English</subfield>
  </datafield>
  <datafield tag="082" ind1=" " ind2=" ">
    <subfield code="a">746</subfield>
    <subfield code="b">FRA</subfield>
  </datafield>
  <datafield tag="100" ind1=" " ind2=" ">
    <subfield code="a">Frater Judy</subfield>
    <subfield code="9">216572</subfield>
  </datafield>
  <datafield tag="245" ind1=" " ind2=" ">
    <subfield code="a">Artisans by Design: An Odyssey of Education for Textile Artisans in India</subfield>
  </datafield>
  <datafield tag="260" ind1=" " ind2=" ">
    <subfield code="b">Schiffer Publishing</subfield>
    <subfield code="c">2024</subfield>
  </datafield>
  <datafield tag="300" ind1=" " ind2=" ">
    <subfield code="a">295</subfield>
  </datafield>
  <datafield tag="365" ind1=" " ind2=" ">
    <subfield code="b">2423.45</subfield>
    <subfield code="c">Rs.00</subfield>
  </datafield>
  <datafield tag="520" ind1=" " ind2=" ">
    <subfield code="a">CHAPTER 1 My Muse: Artisan Designers of New Hope, Pennsylvania
CHAPTER 2 Alimamadbhai Isha Khatri: An Original Artisan Designer in Kutch
CHAPTER 3 Embroidery as Culture, Communication: The Research and Museum Years
CHAPTER 4 Harkhuben Bhojraj Rabari: Curator of Rabari Tradition
CHAPTER 5 From Income Generation to Cultural Empowerment: The Kala Raksha Years
CHAPTER 6 Hariyaben Uttam Bhanani: Elegant Sage
CHAPTER 7 Lachhuben Raja Rabari: Eloquent Earth Mother
CHAPTER 8 Artisans Design: The Kala Raksha Vidhyalaya Years
CHAPTER 9 AbdulAzizbhai Alimamad Khatri: From Skeptic to Advocate
CHAPTER 10 Varshaben Uttam Bhanani: Judiciously Courageous
CHAPTER 11 Further Innovations, Recognizing Ownership, Building Community: The Somaiya Kala Vidya Years
CHAPTER 12 Prakashbhai Naran Siju: Building a Tradition
CHAPTER 13 Irfanbhai Anwar Khatri: The Mastermind
CHAPTER 14 Zakiyaben Adil and Adilbhai Mustak Khatri: Kindred Explorers
CHAPTER 15 Pachanbhai Premji Siju: Giving Back
CHAPTER 16 Persistent Issues: Revisiting the Ideal of the Artisan Designer
CHAPTER 17 Tulsiben Purshottam Puvar: Challenging Limitations
CHAPTER 18 Bharatbhai Vershi Jepar: Starting Up
CHAPTER 19 Soyabbhai AKT Khatri: Passion and Progression
CHAPTER 20 Dahyalalbhai Atmaram Kudecha: Balancing Act
CHAPTER 21 Sajnuben Pachan Rabari: Traversing Time and Space
CHAPTER 22 Khalidbhai Usman Khatri: Choosing Art
CHAPTER 23 What's Next? Making Craft Traditions Worth It
CHAPTER 24 Akibbhai Ibrahim Khatri: The Visionary and the Community
CHAPTER 25 Shakilbhai Ahmed Qasam Khatri: Art and Development

</subfield>
  </datafield>
  <datafield tag="650" ind1=" " ind2=" ">
    <subfield code="a">Textile Artist</subfield>
    <subfield code="9">216691</subfield>
  </datafield>
  <datafield tag="942" ind1=" " ind2=" ">
    <subfield code="c">BK</subfield>
  </datafield>
  <datafield tag="999" ind1=" " ind2=" ">
    <subfield code="c">370276</subfield>
    <subfield code="d">370276</subfield>
  </datafield>
  <datafield tag="952" ind1=" " ind2=" ">
    <subfield code="0">0</subfield>
    <subfield code="1">0</subfield>
    <subfield code="2">ddc</subfield>
    <subfield code="4">0</subfield>
    <subfield code="7">0</subfield>
    <subfield code="a">SOFT</subfield>
    <subfield code="b">SOFT</subfield>
    <subfield code="d">2026-02-02</subfield>
    <subfield code="e">Design Book Studio</subfield>
    <subfield code="g">2423.45</subfield>
    <subfield code="i">282</subfield>
    <subfield code="l">0</subfield>
    <subfield code="o">746 FRA</subfield>
    <subfield code="p">SOFT-BK-4923</subfield>
    <subfield code="r">2026-02-03 11:59:00</subfield>
    <subfield code="t">33%</subfield>
    <subfield code="v">3617.10</subfield>
    <subfield code="w">2025-12-12</subfield>
    <subfield code="y">BK</subfield>
  </datafield>
</record>
